| 000 | 00505nam a22001937a 4500 | ||
|---|---|---|---|
| 003 | CEME | ||
| 005 | 20210628202149.0 | ||
| 008 | 210209b xxu||||| |||| 00| 0 eng d | ||
| 020 | _a0-8247-5380-1 | ||
| 040 | _c. | ||
| 082 | _a620.3 BEN | ||
| 100 |
_aBenaroya , Haym _958546 |
||
| 245 | _aMechanical vibration ,analysis, uncertainties, and control | ||
| 250 | _a2ND | ||
| 260 |
_aNEW YORK _bMARCEL DEKKER _c2004 |
||
| 300 | _aXVII,712P | ||
| 650 |
_aMECHANICAL VIBRATION _958547 |
||
| 942 |
_cBK _2ddc |
||
| 999 |
_c568726 _d568726 |
||